| 000 -LEADER |
| fixed length control field |
01624cam a2200313 a 4500 |
| 001 - CONTROL NUMBER |
| control field |
582254 |
| 003 - CONTROL NUMBER IDENTIFIER |
| control field |
NUST |
| 005 - DATE AND TIME OF LATEST TRANSACTION |
| control field |
20171116104931.0 |
| 008 - FIXED-LENGTH DATA ELEMENTS--GENERAL INFORMATION |
| fixed length control field |
900709s1991 nyuab b 101 0 eng |
| 010 ## - LIBRARY OF CONGRESS CONTROL NUMBER |
| LC control number |
90042668 |
| 020 ## - INTERNATIONAL STANDARD BOOK NUMBER |
| International Standard Book Number |
1560321458 : |
| Terms of availability |
$97.00 |
| 040 ## - CATALOGING SOURCE |
| Original cataloging agency |
DLC |
| Transcribing agency |
DLC |
| Modifying agency |
DLC |
| 050 00 - LIBRARY OF CONGRESS CALL NUMBER |
| Classification number |
TD796 |
| Item number |
.I565 1989 |
| 082 00 - DEWEY DECIMAL CLASSIFICATION NUMBER |
| Classification number |
628.4457 INC |
| Edition number |
20 |
| 111 2# - MAIN ENTRY--MEETING NAME |
| Meeting name or jurisdiction name as entry element |
International Engineering Foundation Conference on Fireside Problems While Incinerating Municipal and Industrial Waste |
| Date of meeting |
(1989 : |
| Location of meeting |
Palm Coast, Fla.) |
| 9 (RLIN) |
6436 |
| 245 10 - TITLE STATEMENT |
| Title |
Incinerating municipal and industrial waste : |
| Remainder of title |
fireside problems and prospects for improvement / |
| Statement of responsibility, etc. |
Edited by Richard W. Bryers. |
| 260 ## - PUBLICATION, DISTRIBUTION, ETC. |
| Place of publication, distribution, etc. |
New York : |
| Name of publisher, distributor, etc. |
Hemisphere Pub. Corp., |
| Date of publication, distribution, etc. |
c1991. |
| 300 ## - PHYSICAL DESCRIPTION |
| Extent |
xvi, 411 p. : |
| Other physical details |
ill., map ; |
| Dimensions |
25 cm. |
| 500 ## - GENERAL NOTE |
| General note |
"Proceedings of the International Conference on Fireside Problems While Incinerating Municipal and Industrial Waste, held at The Sheraton Palm Coast, Florida on October 8-12, 1989"--T.p. verso. |
| 500 ## - GENERAL NOTE |
| General note |
"Co-sponsored by The American Society of Mechanical Engineers ..."--T.p. verso. |
| 501 ## - WITH NOTE |
| With note |
H.B |
| 504 ## - BIBLIOGRAPHY, ETC. NOTE |
| Bibliography, etc. note |
Includes bibliographical references and index. |
| 650 #0 - SUBJECT ADDED ENTRY--TOPICAL TERM |
| Topical term or geographic name entry element |
Incinerators |
| General subdivision |
Corrosion |
| -- |
Congresses. |
| 9 (RLIN) |
6437 |
| 650 #0 - SUBJECT ADDED ENTRY--TOPICAL TERM |
| Topical term or geographic name entry element |
Materials at high temperatures |
| General subdivision |
Corrosion |
| -- |
Congresses. |
| 9 (RLIN) |
6438 |
| 650 #0 - SUBJECT ADDED ENTRY--TOPICAL TERM |
| Topical term or geographic name entry element |
Chlorine |
| General subdivision |
Congresses. |
| 9 (RLIN) |
6439 |
| 700 1# - ADDED ENTRY--PERSONAL NAME |
| Personal name |
Bryers, Richard W. |
| 9 (RLIN) |
6440 |
| 710 2# - ADDED ENTRY--CORPORATE NAME |
| Corporate name or jurisdiction name as entry element |
American Society of Mechanical Engineers. |
| 9 (RLIN) |
6441 |
| 906 ## - LOCAL DATA ELEMENT F, LDF (RLIN) |
| a |
7 |
| b |
cbc |
| c |
orignew |
| d |
1 |
| e |
ocip |
| f |
19 |
| g |
y-gencatlg |
| 942 ## - ADDED ENTRY ELEMENTS (KOHA) |
| Source of classification or shelving scheme |
|
| Koha item type |
Book |
| Call number prefix |
IESE |